| 000 | 00661nam a2200193 a 4500 | ||
|---|---|---|---|
| 001 | 000979427 | ||
| 003 | AM-YeHGA | ||
| 005 | 20250618074224.0 | ||
| 008 | 130827s1920 ||| r 000 0 rus d | ||
| 040 | _aAM-YeHGA | ||
| 041 | 0 | _arus | |
| 100 | 1 | _aСакулин, Павел Никитич | |
| 245 | 1 | 0 |
_aПушкин и Радищев : _bНовое решение старого вопроса / _cП.Н. Сакулин. |
| 260 |
_aМосква : _bАльциона, _c1920. |
||
| 300 | _a75 с. | ||
| 600 | 1 | 4 |
_aПушкин, Александр Сергеевич _98888 |
| 653 | 0 | _aИстория русской литературы | |
| 090 | _c328240 | ||
| 999 |
_c326492 _d326492 |
||